| 000 -LEADER |
| fixed length control field |
00388nam a2200109Ia 4500 |
| 008 - FIXED-LENGTH DATA ELEMENTS--GENERAL INFORMATION |
| fixed length control field |
200302s9999 xx 000 0 und d |
| 100 ## - MAIN ENTRY--PERSONAL NAME |
| Personal name |
Concil of Architecture |
| 245 ## - TITLE STATEMENT |
| Title |
Archiving Architectural Thesis 2015 Council of Architecture National Awards for Excellence in Architectural Thesis |
| 260 ## - PUBLICATION, DISTRIBUTION, ETC. |
| Name of publisher, distributor, etc. |
National Instiute for Advanced studies in Architecture |
| 260 ## - PUBLICATION, DISTRIBUTION, ETC. |
| Date of publication, distribution, etc. |
2019 |
| 300 ## - PHYSICAL DESCRIPTION |
| Extent |
161 |